MARC

LEADER 00000nam0a2200000 4500
001 104874
005 20231031114200.0
035 |a (RuTPU)RU\TPU\book\113087 
090 |a 104874 
100 |a 20061109d1977 m y0rusy50 ca 
101 0 |a rus 
102 |a RU 
105 |a a j 001zy 
200 1 |a Газораспределительные станции и газохранилища  |e учебное пособие  |f С. А. Бобровский, Е. И. Яковлев, В. М. Михайлов  |g Московский институт нефтехимической и газовой промышленности им. И. М. Губкина 
210 |a Москва  |c Изд-во института газовой промышленности им. И.М. Губкина  |d 1977 
215 |a 87 с.  |c ил. 
320 |a Библиография в конце книги. 
610 1 |a газохранилища 
610 1 |a газораспределительные станции 
610 1 |a учебные пособия 
675 |a 622.691.4  |v 3 
675 |a 622.691.2(075.8)  |v 3 
700 1 |a Бобровский  |b С. А.  |g Сергей Андреевич 
701 1 |a Яковлев  |b Е. И.  |g Евгений Ильич 
701 1 |a Михайлов  |b В. М. 
712 0 2 |a Московский институт нефтехимической и газовой промышленности им. И. М. Губкина  |2 stltpush  |3 (RuTPU)RU\TPU\col\5781 
801 1 |a RU  |b 63413507  |c 20061109  |g PSBO 
801 2 |a RU  |b 63413507  |c 20070119  |g PSBO 
942 |c BK